| 000 | 00795nam0a22002531 4500 | ||
|---|---|---|---|
| 001 | rc\323136 | ||
| 005 | 20030307122342.7 | ||
| 010 |
_a5-10-000992-6 _92560 |
||
| 035 | _a(NLR Aleph) 005557299 | ||
| 090 |
_a5873883 _c5873883 |
||
| 100 | _a20030307d1989 u |0rusy50 ca | ||
| 101 | 0 | _arus | |
| 102 | _aRU | ||
| 105 | _aa ||||||||| | ||
| 200 | 1 |
_aПрудовое рыбоводство _e(На прим. прудовых хоз-в Кубани) |
|
| 210 |
_aМ. _cАргопромиздат _d1989 |
||
| 215 |
_a141, [2] с. _cил. _d20 |
||
| 300 | _aПрил. к журн. "Рыб. хоз-во СССР" | ||
| 700 | 1 |
_aХодячий _bН. П. _gНиколай Петрович |
|
| 801 | 0 |
_aRU _bNLR _gpsbo |
|
| 801 | 1 |
_aRU _bELAR _2rusmarc |
|
| 852 |
_aNLR _j89-3/3690 |
||
| 942 | _cBOOK | ||
| 980 | _aNB | ||